| LEADER |
00635nam0a2200181 450 |
| 001 |
16841164 |
| 010 |
|
|
|a 978-2-211-22618-9
|b rel.
|d 18,8
|
| 100 |
|
|
|a 20151110d2026 u u0frey01 ba
|
| 101 |
0 |
|
|a fre
|
| 102 |
|
|
|a FR
|
| 200 |
0 |
|
|a affreux moche Salétouflaire et les Ouloums-Pims (L')
|f Claude Ponti
|
| 207 |
|
1 |
|a
|
| 210 |
|
|
|a Paris
|b 11 rue de Sèvres.
|c L'Ecole des Loisirs
|d DL 2015
|
| 215 |
|
|
|a 1 vol. (non paginé [40] p.)
|c ill. en coul.
|d 35 cm
|
| 700 |
|
0 |
|a Ponti
|b Claude
|f 1948-....
|4 70
|
| 900 |
|
|
|a Album
|
| 901 |
|
|
|a Accessible au prêt
|
| 995 |
|
|
|a Bibliothèque
|c Bibliothèque
|f 024023126
|h 024023126
|k A PON
|o p
|q j
|r az
|e Bibliothèque
|